000 01635aam a2200565 4500
005 20241212124931.0
008 150622b xxu||||| |||| 00| 0 spa d
020 _a9786073215763
041 _aspa
082 _a658.401.2 D249c14
100 _aDavid, Fred R
_95614
245 _aConceptos de administración estratégica
250 _a14 edición
260 _aMéxico
_bPearson
_c2013
300 _a386 páginas
650 _a ADMINISTRACIÓN ESTRATEGICA
650 _aPROCESO DE LA ADMINISTRACIÓN ESTRATEGICA
650 _aMODELO DE LA ADMINISTRACIÓN ESTRATEGICA
650 _aVISIÓN
650 _aMISIÓN
650 _aEVALUACIÓN EXTERNA
650 _aEVALUACIÓN INTERNA
650 _aIMPLEMENTACIÓN DE ESTRATEGIAS
650 _aOPERACIONES
650 _aMARKETING
650 _aFINANZAS
650 _aCONTABILIDAD
650 _aSISTEMAS DE INFORMACIÓN GERENCIAL
650 _aFORMULACIÓN DE LA ESTRATEGIA
650 _aCUADRO MANDO INTEGRAL
650 _aCULTURA ORGANIZACIONAL
650 _aAUDITORÍAS
650 _aSINDICALISMO
650 _aFUERZAS TECNOLÓGICAS
650 _aPODER DE NEGOCIACIÓN
650 _aBENCHMARKING
650 _aORGANIZACIÓN
650 _aMOTIVACIÓN
650 _aADMNISTRACIÓN DEL PERSONAL
650 _aMARKETING
650 _aESTRATEGIAS
650 _aTIPOS DE ESTRATEGIAS
650 _aMATRIZ FODA
650 _aCULTURA DE APOYO A LA ESTRATEGIA
650 _aEVALUACIÓN DE ESTRATEGIAS
650 _aÉTICA DE NEGOCIOS
650 _aRESPONSABILIDAD SOCIAL
650 _aSOSTENIBILIDAD AMBIENTAL
942 _cBK
_2ddc
999 _c2994
_d2994